The essentials of political analysis (Record no. 7846)

MARC details
000 -LEADER
fixed length control field 00449nam a22001817a 4500
003 - CONTROL NUMBER IDENTIFIER
control field OSt
005 - DATE AND TIME OF LATEST TRANSACTION
control field 20220324105332.0
008 - FIXED-LENGTH DATA ELEMENTS--GENERAL INFORMATION
fixed length control field 220324b ||||| |||| 00| 0 eng d
040 ## - CATALOGING SOURCE
Transcribing agency DDC
082 ## - DEWEY DECIMAL CLASSIFICATION NUMBER
Classification number 320 POL 2009
100 ## - MAIN ENTRY--PERSONAL NAME
Personal name Pollock, Phillip H
9 (RLIN) 15960
245 ## - TITLE STATEMENT
Title The essentials of political analysis
250 ## - EDITION STATEMENT
Edition statement 3rd ed.
260 ## - PUBLICATION, DISTRIBUTION, ETC. (IMPRINT)
Place of publication, distribution, etc. Oxford
Name of publisher, distributor, etc. : CQ press
Date of publication, distribution, etc. , C 2009
300 ## - PHYSICAL DESCRIPTION
Extent xviii,256p.
Dimensions ; 26 cm
504 ## - BIBLIOGRAPHY, ETC. NOTE
Bibliography, etc Index
942 ## - ADDED ENTRY ELEMENTS (KOHA)
Source of classification or shelving scheme Dewey Decimal Classification
Koha item type Book
Holdings
Withdrawn status Lost status Source of classification or shelving scheme Damaged status Not for loan Home library Current library Date acquired Source of acquisition Inventory number Total Checkouts Full call number Barcode Date last seen Price effective from Koha item type
    Dewey Decimal Classification     Faculty of Interdisciplinary Studies Library Faculty of Interdisciplinary Studies Library 24/03/2022 Purchase 11/4419   320 POL 2009 2022-0540 24/03/2022 24/03/2022 Book
    Dewey Decimal Classification     Faculty of Interdisciplinary Studies Library Faculty of Interdisciplinary Studies Library 24/03/2022 Purchase 11/4415   320 POL 2009 2022-0541 24/03/2022 24/03/2022 Book
    Dewey Decimal Classification     Faculty of Interdisciplinary Studies Library Faculty of Interdisciplinary Studies Library 24/03/2022 Purchase 11/4418   320 POL 2009 2022-0542 24/03/2022 24/03/2022 Book
    Dewey Decimal Classification     Faculty of Interdisciplinary Studies Library Faculty of Interdisciplinary Studies Library 24/03/2022 Purchase 11/4416   320 POL 2009 2022-0543 24/03/2022 24/03/2022 Book